000 01628nam a2200277Ia 4500
999 _c50636
_d50636
001 17586
003 GE_BSU
005 20200220111610.0
008 181216s2011 xx |||||||||||||| ||geo||
020 _a978-9941-5160-9
040 _cGE_BSU
041 _ageo
080 _a528(075.8) თ-71
100 _aთოლორდავა, რევაზ.
_97203
245 _aტოპოგრაფია გეოდეზიის საფუძვლებით :
_b(სახელმძღვ.) /
_cრევაზ თოლორდავა ; რედ : ჯანსუღ კეკელია ; თენგიზ გორდეზიანი.
250 _aსოხუმის სახელმწ. უნ-ტი.
264 _aთბილისი :
_b[გეოიდი-2011],
_c2014.
300 _a238 გვ ;
_bნახ. ცხრ;
_c 28 სმ.
504 _aბიბლიოგრ.: გვ. 231-233.
653 _aგეოგრაფია
653 _aგეოდეზია - სახელმძღვანელოები უმაღლესი სასწავლებლებისათვის; ტოპოგრაფია - სახელმძღვანელოები უმაღლესი სასწავლებლებისათვის;
700 _aკეკელია, ჯანსუღ
_eრედაქტორი
_97202
700 _a გორდეზიანი, თენგიზ
_eრედაქტორი
_97204
710 _eსოხუმის სახელმწ. უნ-ტი.
_97205
942 _cBK
_2udc